Peněžní politika v ekonomické reformě.

Renesancia peňazí ako súčasť scenára ekonomickej reformy. Dôležitosť určenia realizovateľného cieľa menovej politiky. Náčrt konštrukcií agregátu "množstvo peňazí v ekonomike" (M-money), resp. "zásoba peňazí", peňažná masa", používaných vo vybraných vyspelých ekonomikách. Určenie podstaty emisnej pol...

Descripción completa

Guardado en:
Detalles Bibliográficos
Autor principal: Vencovský, František
Formato: Capítulo de libro
Lenguaje:checo
Materias:
Etiquetas: Agregar Etiqueta
Sin Etiquetas, Sea el primero en etiquetar este registro!

MARC

LEADER 00000naa a2200000 4500
001 r009607
005 20220831090528.4
041 0 |a cze 
044 |a [CS] 
245 1 0 |a Peněžní politika v ekonomické reformě.  |c František Vencovský 
520 |a Renesancia peňazí ako súčasť scenára ekonomickej reformy. Dôležitosť určenia realizovateľného cieľa menovej politiky. Náčrt konštrukcií agregátu "množstvo peňazí v ekonomike" (M-money), resp. "zásoba peňazí", peňažná masa", používaných vo vybraných vyspelých ekonomikách. Určenie podstaty emisnej politiky vo vybraných vyspelých ekonomikách. Určenie podstaty emisnej politiky a jej nástrojov. Tvorba peňazí a tvorba kapitálu ako kritériá pre emisnú politiku. Emisná politika v ČSFR a jej účinnosť. 
610 2 0 |a peniaze 
610 2 0 |a politika finančná 
610 2 0 |a reformy hospodárske 
610 2 0 |a politika menová 
610 2 0 |a emisia 
610 2 0 |a ČSFR 
610 2 0 |a politika peňažná 
100 1 |a Vencovský, František